| 000 | 00479nam a2200181Ia 4500 | ||
|---|---|---|---|
| 003 | GCL | ||
| 008 | 140319s9999 xx 000 0 eng d | ||
| 040 |
_aGCL / _cGCL |
||
| 082 | 0 | 4 |
_a303.4 _bM S |
| 100 | 1 | _aMUMFORD, EMD | |
| 245 | 1 | 0 |
_aSYSTEMS DESIGN ETHICAL TOOLS FOR ETHICAL CHANGE / _cMUMFORD, EMD |
| 260 |
_a[S.N] : _bMACMILIAN ، _c1996 |
||
| 300 | _a168 P | ||
| 650 | 0 | 4 | _aعلم النفس الرياضى |
| 650 | 0 | 4 | _aSOCIOLOGY |
| 650 | 0 | 4 | _aETHICS |
| 942 |
_2ddc _cBK |
||
| 999 |
_c15952 _d15952 |
||